000 00346nam a2200145Ia 4500
005 20251222152650.0
008 251222s9999||||xx |||||||||||||| ||spa||
020 _a9500713187
082 _a863.64/A32
100 _aAguinis, Marcos
245 0 _aLa Matriz del infierno
250 _a1ra.ed.
264 _bEditorial Sudaméricana
942 _cLIB
999 _c28437
_d28437